Manufacturing slowed in February (Record no. 117069)

MARC details
000 -LEADER
fixed length control field 01003cam a2200205 4500
001 - CONTROL NUMBER
control field WB4009-04
008 - FIXED-LENGTH DATA ELEMENTS--GENERAL INFORMATION
fixed length control field 040302n2004 000 0 eng u
035 ## - SYSTEM CONTROL NUMBER
System control number (Sirsi) u125291
245 ## - TITLE STATEMENT
Title Manufacturing slowed in February
260 ## - PUBLICATION, DISTRIBUTION, ETC.
Date of publication, distribution, etc. 2004
490 ## - SERIES STATEMENT
Series statement CIPS New Release
Volume/sequential designation 1 March 2004 (1)
520 ## - SUMMARY, ETC.
Summary, etc. Growth in manufacturing continued in February but at a slower rate than January according to the latest figures from the Chartered Institute of Purchasing and Supply (CIPS). A rise in factory output meant expansion was recorded for the eighth month in a row. However the CIPS "Purchasing managers' index fell from 55.8 in January to February's posting of 53.2 reflecting slower growth of both output and new orders. CIPS Press Release http://www.cips.org/BigPage.asp?CatID=42&PageID=17 7.
590 ## - LOCAL NOTE (RLIN)
Local note WB
590 ## - LOCAL NOTE (RLIN)
Local note WB
650 ## - SUBJECT ADDED ENTRY--TOPICAL TERM
Topical term or geographic name entry element MANUFACTURING OUTPUT
650 ## - SUBJECT ADDED ENTRY--TOPICAL TERM
Topical term or geographic name entry element MANUFACTURING INDUSTRY
650 ## - SUBJECT ADDED ENTRY--TOPICAL TERM
Topical term or geographic name entry element CIPS PURCHASING MANAGERS' INDEX
690 ## - LOCAL SUBJECT ADDED ENTRY--TOPICAL TERM (OCLC, RLIN)
Topical term or geographic name as entry element ECONOMIC ISSUES
942 ## - ADDED ENTRY ELEMENTS (KOHA)
Suppress in OPAC 0
Holdings
Withdrawn status Lost status Source of classification or shelving scheme Damaged status Not for loan Home library Current library Shelving location Date acquired Total Checkouts Full call number Barcode Date last seen Copy number Price effective from Koha item type
    Dewey Decimal Classification     London London News article 02/03/2004   WB4009-04 125291-1001 06/08/2019 1 06/08/2019 News article